| 000 | 01043cam a2200289 i 4500 | ||
|---|---|---|---|
| 001 | bg | ||
| 003 | KOSZ 005 | ||
| 005 | 20220125124832.0 | ||
| 008 | 010816s2001 pl a f f |000 0 pol | ||
| 015 | _aPB 2001/13545 | ||
| 040 |
_aWA N _cKOSZ 005/HR _dKOSZ 005/HR |
||
| 080 | _a532 | ||
| 080 | _a(075.8) | ||
| 100 | 1 |
_aLubczyńska, Urszula _eAutor |
|
| 245 | 1 | 0 |
_aHydraulika stosowana w inżynierii środowiska / _cUrszula Lubczyńska. |
| 250 | _aWyd. 5 popr. | ||
| 260 |
_aKielce : _bWydaw. PŚ, _c2001. |
||
| 300 |
_a270 s., [2] k. tabl. złoż. : _bil. ; _c24 cm. |
||
| 490 | 1 |
_aSkrypt / [Politechnika Świętokrzyska], _x0239-6386 ; _vnr 360. |
|
| 504 | _aBibliogr. | ||
| 655 | 4 | _aPodręczniki akademickie | |
| 650 | 4 | _aMechanika płynów | |
| 710 | 2 |
_aWydawnictwo Politechniki Świętokrzyskiej _b _4pbl. |
|
| 830 | 0 |
_aSkrypty - Politechnika Świętokrzyska, _v360. |
|
| 856 |
_uhttp://koha.tu.koszalin.pl/cgi-bin/koha/opac-detail.pl?biblionumber=40016 _yKatalog online BPK |
||
| 942 |
_2UKD _cKS |
||
| 999 |
_c40016 _d40016 |
||